UBT Library

SOCIOLOGICAL IDEAS (Record no. 59529)

000 -LEADER
fixed length control field 00327nam a22001457a 4500
008 - FIXED-LENGTH DATA ELEMENTS--GENERAL INFORMATION
fixed length control field 230413b ||||| |||| 00| 0 eng d
020 ## - INTERNATIONAL STANDARD BOOK NUMBER
International Standard Book Number 9780534146467
041 ## - LANGUAGE CODE
Language code of text/sound track or separate title eng
080 ## - UNIVERSAL DECIMAL CLASSIFICATION NUMBER
Edition identifier THIRD EDITION
Universal Decimal Classification number 72
082 ## - DEWEY DECIMAL CLASSIFICATION NUMBER
Classification number 72LEV
100 ## - Rafti
Rafti 24
101 ## - Shkurtesa
Shkurtesa SOCIOL
245 ## - TITLE STATEMENT
Title SOCIOLOGICAL IDEAS
Statement of responsibility, etc LEVIN .C.W
942 ## - ADDED ENTRY ELEMENTS (KOHA)
Source of classification or shelving scheme
Item type Books
Holdings
Withdrawn status Lost status Source of classification or shelving scheme Damaged status Not for loan Collection code Permanent location Current location Date acquired Total Checkouts Full call number Barcode Date last seen Price effective from Koha item type
          Koleksioni i përgjithshem UBT - Lipjan UBT - Lipjan 04/13/2023   72LEV 002-80005038 04/13/2023 04/13/2023 Books
UBT Library © 2015-2024. All rights reserved University Education for Business and Technology